College Football Matchups: Arkansas - Statistics

General Stats
  • This quiz has been taken 197 times
    40 since last reset
  • The average score is 12 of 16
Answer Stats
Games Opponent Subdivision % Correct
34 Alabama Power 4
97%
71 LSU Power 4
95%
36 Mississippi State Power 4
92%
72 Ole Miss Power 4
92%
81 Texas Power 4
92%
35 Auburn Power 4
86%
21 Tennessee Power 4
86%
82 Texas A&M Power 4
86%
38 Texas Tech Power 4
73%
70 Baylor Power 4
70%
47 Oklahoma State Power 4
70%
24 South Carolina Power 4
65%
70 TCU Power 4
65%
68 Rice Group of 5
57%
73 SMU Power 4
51%
73 Tulsa Group of 5
49%
No matching quizzes found
Score Distribution
Percent of People with Each Score
Percentile by Number Answered
Your Score History
You have not taken this quiz since the last reset